[Event "DVM U16 2018"]
[Site "Aurich GER"]
[Date "2018.12.28"]
[Round "3"]
[White "Baranyai-Molnar, Adam-Kristof"]
[Black "Khachatryan, Taron"]
[Result "1/2-1/2"]
[Termination "normal"]
[Board "5.3"]
[WhiteElo "1883"]
[BlackElo "1761"]
[WhiteTeam "SF Neuberg"]
[BlackTeam "TuRa Harksheide Norderstedt"]
[PlyCount "72"]
[WhiteFideId "768022"]
[BlackFideId "16216598"]
[EventCountry "GER"]
[EventRounds "7"]
[EventType "team-swiss"]
[EventDate "2018.12.26"]

1. e4 g6 2. d4 Bg7 3. Nf3 d6 4. Bc4 Nf6 5. Nc3 c6 6. O-O O-O 7. Bg5 Bg4 8. h3
Bxf3 9. Qxf3 Nbd7 10. Qe3 e5 11. d5 Nb6 12. Bb3 c5 13. a4 a6 14. a5 Nbd7 15.
Ne2 b5 16. axb6 Qb6 17. Bxf6 Nxf6 18. g4 Ne8 19. Kh1 Nc7 20. Ba4 Nb5 21. c3 Qc7
22. Ng3 Qe7 23. Rg1 Bf6 24. f4 exf4 25. Qxf4 Be5 26. Qf3 Kh8 27. Nf1 Kg7 28.
Ne3 f6 29. Bc2 Rfc8 30. Qf2 c4 31. h4 Qd7 32. Ra4 Qa7 33. Qf3 Rc7 34. Rxc4 Rac8
35. Bd3 Qb6 36. Rxc7 Qxc7 1/2-1/2

[Event "DVM U16 2018"]
[Site "Aurich GER"]
[Date "2018.12.28"]
[Round "3"]
[White "Striebeck, Enno"]
[Black "Kolzenburg, Jan Niklas"]
[Result "0-1"]
[Termination "normal"]
[Board "5.4"]
[WhiteElo "1681"]
[BlackElo "1379"]
[WhiteTeam "TuRa Harksheide Norderstedt"]
[BlackTeam "SF Neuberg"]
[PlyCount "74"]
[WhiteFideId "16254988"]
[BlackFideId "16274830"]
[EventCountry "GER"]
[EventRounds "7"]
[EventType "team-swiss"]
[EventDate "2018.12.26"]

1. d4 d5 2. c4 e6 3. Nc3 Nf6 4. Bg5 Nbd7 5. Nf3 c6 6. e3 Qa5 7. Qc2 Bb4 8. Rac1
Ne4 9. cxd5 exd5 10. Bd3 Nxg5 11. Nxg5 h6 12. Nf3 O-O 13. O-O Bd6 14. Nd2 Qd8
15. e4 dxe4 16. Ncxe4 Nb6 17. Nxd6 Qxd6 18. Qc5 Qxc5 19. dxc5 Nd5 20. Bc4 Be6
21. Ne4 b6 22. f4 Ne3 23. Bxe6 Nxf1 24. Bd7 Ne3 25. Kf2 Rad8 26. Kxe3 Rxd7 27.
cxb6 axb6 28. Rxc6 Re8 29. f5 b5 30. f6 Rd5 31. Rc7 Rde5 32. Re7 R8xe7 33. fxe7
f5 34. Kd4 Rxe4 35. Kc5 Rxe7 36. b4 Ra7 37. Kxb5 Rxa2 0-1

[Event "DVM U16 2018"]
[Site "Aurich GER"]
[Date "2018.12.28"]
[Round "3"]
[White "Krastev, Alexander"]
[Black "Jakob, Georg"]
[Result "1-0"]
[Termination "normal"]
[Board "6.1"]
[WhiteElo "2323"]
[BlackElo "2015"]
[WhiteTeam "Biebertaler SF"]
[BlackTeam "SG Königskinder Hohentübingen"]
[PlyCount "55"]
[WhiteFideId "12989983"]
[BlackFideId "16224221"]
[EventCountry "GER"]
[EventRounds "7"]
[EventType "team-swiss"]
[EventDate "2018.12.26"]

1. e4 c5 2. Nf3 g6 3. d4 cxd4 4. Nxd4 Bg7 5. c4 Nc6 6. Be3 Nf6 7. Nc3 Ng4 8.
Qxg4 Nxd4 9. Qd1 e5 10. Bd3 O-O 11. O-O d6 12. Qd2 Be6 13. b3 a6 14. Rfd1 Qd7
15. Rac1 Rab8 16. f3 b5 17. Ne2 Rbc8 18. cxb5 axb5 19. Rxc8 Rxc8 20. Qa5 Rb8
21. Rc1 b4 22. Nxd4 exd4 23. Bd2 Qb7 24. Rc7 Qa8 25. Ra7 Qc6 26. Ra6 Qc5 27.
Ra8 Qxa5 28. Rxb8  1-0

[Event "DVM U16 2018"]
[Site "Aurich GER"]
[Date "2018.12.28"]
[Round "3"]
[White "Hurm, Moritz"]
[Black "Pralle, Finnegan"]
[Result "0-1"]
[Termination "normal"]
[Board "6.2"]
[WhiteElo "1789"]
[BlackElo "1864"]
[WhiteTeam "SG Königskinder Hohentübingen"]
[BlackTeam "Biebertaler SF"]
[PlyCount "62"]
[WhiteFideId "16235150"]
[BlackFideId "12986615"]
[EventCountry "GER"]
[EventRounds "7"]
[EventType "team-swiss"]
[EventDate "2018.12.26"]

1. e4 e5 2. Nf3 Nc6 3. Bb5 a6 4. Ba4 Nf6 5. d3 b5 6. Bb3 Be7 7. O-O O-O 8. Re1
d6 9. c3 Na5 10. Bc2 c5 11. a4 Bb7 12. Nbd2 Qc7 13. Nf1 b4 14. Ng3 Nc6 15. Nf5
Rad8 16. d4 bxc3 17. bxc3 d5 18. exd5 Nxd5 19. Nxe7 Ncxe7 20. Nxe5 Ng6 21. Nxg6
fxg6 22. Bb3 c4 23. Bc2 Nxc3 24. Qg4 Bc8 25. Qh4 Nd5 26. Ra3 Rde8 27. Be4 Nf6
28. Rae3 Qa5 29. Ba3 g5 30. Qg3 Nxe4 31. Rxe4 Qxe1 0-1

[Event "DVM U16 2018"]
[Site "Aurich GER"]
[Date "2018.12.28"]
[Round "3"]
[White "Engländer, Leon Arne"]
[Black "Hofele, Mathis"]
[Result "1-0"]
[Termination "normal"]
[Board "6.3"]
[WhiteElo "1729"]
[BlackElo "1679"]
[WhiteTeam "Biebertaler SF"]
[BlackTeam "SG Königskinder Hohentübingen"]
[PlyCount "37"]
[WhiteFideId "12997226"]
[BlackFideId "12963844"]
[EventCountry "GER"]
[EventRounds "7"]
[EventType "team-swiss"]
[EventDate "2018.12.26"]

1. e4 c5 2. Nc3 d6 3. d3 Nc6 4. g3 g6 5. Bg2 Bg7 6. Be3 e6 7. Qd2 Nd4 8. Rb1
Rb8 9. Nce2 Ne7 10. c3 Nec6 11. Bh6 O-O 12. h4 d5 13. h5 dxe4 14. hxg6 e3 15.
gxh7 Kh8 16. Bxg7 Kxg7 17. Qxe3 Nf5 18. Qxc5 b6 19. Qxf8  1-0

[Event "DVM U16 2018"]
[Site "Aurich GER"]
[Date "2018.12.28"]
[Round "3"]
[White "Aptyka, Tim"]
[Black "Grunwald, Jonathan"]
[Result "0-1"]
[Termination "normal"]
[Board "6.4"]
[WhiteElo "1534"]
[BlackElo "1716"]
[WhiteTeam "SG Königskinder Hohentübingen"]
[BlackTeam "Biebertaler SF"]
[PlyCount "60"]
[WhiteFideId "16255860"]
[BlackFideId "12955744"]
[EventCountry "GER"]
[EventRounds "7"]
[EventType "team-swiss"]
[EventDate "2018.12.26"]

1. e4 e5 2. f4 exf4 3. Nf3 Ne7 4. Bc4 Ng6 5. O-O Be7 6. Nc3 Nc6 7. d4 d6 8. Ne2
Bg4 9. Qd3 Qd7 10. Qb3 O-O-O 11. Bb5 a6 12. Bd3 f5 13. Bxf4 Rhf8 14. d5 Nce5
15. Bxe5 dxe5 16. c4 Bc5 17. Kh1 f4 18. Qc3 Bxf3 19. Rxf3 Nh4 20. Ng1 Qg4 21.
Bf1 Bxg1 22. h3 Bd4 23. hxg4 Bxc3 24. Rxc3 Rd6 25. g5 h6 26. gxh6 Rxh6 27. Kg1
f3 28. g3 f2 29. Kh2 Nf3 30. Kg2 Rh2 0-1

[Event "DVM U16 2018"]
[Site "Aurich GER"]
[Date "2018.12.28"]
[Round "3"]
[White "Schneider, Jana"]
[Black "Stelmaszyk, Nico"]
[Result "1-0"]
[Termination "normal"]
[Board "7.1"]
[WhiteTitle "FM"]
[WhiteElo "2213"]
[BlackElo "1902"]
[WhiteTeam "Spvgg 1946 Stetten"]
[BlackTeam "SK Lehrte"]
[PlyCount "95"]
[WhiteFideId "12924997"]
[BlackFideId "16200462"]
[EventCountry "GER"]
[EventRounds "7"]
[EventType "team-swiss"]
[EventDate "2018.12.26"]

1. e4 c5 2. Nf3 d6 3. d4 cxd4 4. Nxd4 Nf6 5. Nc3 g6 6. Be3 Bg7 7. f3 O-O 8. Bc4
Nc6 9. Qd2 Bd7 10. O-O-O Rb8 11. Kb1 Na5 12. Bb3 b5 13. g4 Nc4 14. Bxc4 bxc4
15. Ka1 Qb6 16. Rb1 Qa5 17. h4 h5 18. gxh5 Qxh5 19. Bg5 Rfe8 20. Nce2 Qh8 21.
c3 Nh5 22. Rbg1 Rb6 23. Rh2 Kf8 24. Be3 Reb8 25. Rb1 R6b7 26. Nc2 a5 27. Bd4
Bxd4 28. cxd4 a4 29. Qc3 e6 30. Qxc4 Bb5 31. Qc3 Bxe2 32. Rxe2 Nf4 33. Rh2 Qh5
34. Na3 Kg8 35. Qe3 e5 36. d5 Rb4 37. Qc3 Qh6 38. Nc4 Qf8 39. Ne3 Rd4 40. h5
Rd3 41. Qe1 g5 42. Qg1 f6 43. Nf5 Rb7 44. Qc1 Rh7 45. Rc2 Rd7 46. Rc8 Rd8 47.
Nh6+ Kh8 48. Rxd8 1-0

[Event "DVM U16 2018"]
[Site "Aurich GER"]
[Date "2018.12.28"]
[Round "3"]
[White "Meiwes, Thore"]
[Black "Roth, Jakob"]
[Result "1-0"]
[Termination "normal"]
[Board "7.2"]
[WhiteElo "1959"]
[BlackElo "1883"]
[WhiteTeam "SK Lehrte"]
[BlackTeam "Spvgg 1946 Stetten"]
[PlyCount "67"]
[WhiteFideId "16201256"]
[BlackFideId "12952605"]
[EventCountry "GER"]
[EventRounds "7"]
[EventType "team-swiss"]
[EventDate "2018.12.26"]

1. d4 d5 2. Bf4 Nf6 3. e3 e6 4. Nd2 c5 5. c3 Nc6 6. Ngf3 Bd6 7. Bg3 O-O 8. Bd3
b6 9. e4 Be7 10. e5 Nh5 11. Ng5 Bxg5 12. Qxh5 g6 13. Qe2 cxd4 14. h4 Bh6 15. h5
dxc3 16. bxc3 Bg7 17. Nf3 f5 18. hxg6 hxg6 19. Bf4 Qc7 20. Kf1 Bd7 21. Re1 Kf7
22. Rh7 Rh8 23. Ng5+ Ke8 24. Rxh8+ Bxh8 25. Qe3 Bc8 26. Qh3 Qg7 27. Bb5 Kd7 28.
c4 Bb7 29. cxd5 exd5 30. Qd3 Rd8 31. Qxd5+ Kc8 32. Qe6+ Qd7 33. Rc1 Kc7 34.
Qxg6 1-0

[Event "DVM U16 2018"]
[Site "Aurich GER"]
[Date "2018.12.28"]
[Round "3"]
[White "Roth, Ludwig"]
[Black "Reimer, Philip"]
[Result "0-1"]
[Termination "normal"]
[Board "7.3"]
[WhiteElo "1615"]
[BlackElo "1666"]
[WhiteTeam "Spvgg 1946 Stetten"]
[BlackTeam "SK Lehrte"]
[PlyCount "90"]
[WhiteFideId "12952621"]
[BlackFideId "16235860"]
[EventCountry "GER"]
[EventRounds "7"]
[EventType "team-swiss"]
[EventDate "2018.12.26"]

1. e4 c5 2. Nf3 d6 3. d4 cxd4 4. Nxd4 Nf6 5. Nc3 g6 6. f3 Bg7 7. Be3 O-O 8. Qd2
Nc6 9. O-O-O d5 10. Nxc6 bxc6 11. exd5 Nxd5 12. Nxd5 cxd5 13. Qxd5 Qc7 14. Bc4
Be6 15. Qc5 Qxc5 16. Bxc5 Bxc4 17. b3 Be6 18. Bxe7 Rfc8 19. c4 a5 20. g4 a4 21.
Kc2 axb3 22. axb3 Ra2 23. Kd3 h5 24. gxh5 gxh5 25. Rhg1 Rxh2 26. Bf6 Bf5 27.
Ke3 Bg6 28. Bxg7 Kxg7 29. Rc1 Rb2 30. Rc3 Rb8 31. c5 R2xb3 32. Rxb3 Rxb3 33.
Kd4 Rb1 34. Rg2 Kf6 35. Re2 Rd1 36. Kc3 Kg5 37. Kb4 Kf4 38. Ka5 Kg3 39. c6 Rc1
40. Kb6 h4 41. c7 h3 42. Re1 Rc4 43. Kb7 Bf5 44. Ra1 h2 45. Kb8 Rc2 0-1

[Event "DVM U16 2018"]
[Site "Aurich GER"]
[Date "2018.12.28"]
[Round "3"]
[White "Dornieden, Jonas"]
[Black "Steiner, Luca"]
[Result "1/2-1/2"]
[Termination "normal"]
[Board "7.4"]
[WhiteElo "1729"]
[BlackElo "1365"]
[WhiteTeam "SK Lehrte"]
[BlackTeam "Spvgg 1946 Stetten"]
[PlyCount "119"]
[WhiteFideId "1336460"]
[BlackFideId "16205316"]
[EventCountry "GER"]
[EventRounds "7"]
[EventType "team-swiss"]
[EventDate "2018.12.26"]

1. d4 Nf6 2. c4 c5 3. d5 b5 4. cxb5 a6 5. bxa6 Bxa6 6. Nc3 d6 7. e4 Bxf1 8.
Kxf1 g6 9. Nf3 Bg7 10. g3 O-O 11. Kg2 Nbd7 12. Re1 Ra7 13. Qc2 Qa8 14. a3 Rb8
15. Rb1 Ne8 16. Na2 Nc7 17. Bd2 Nb5 18. Nc3 Nc7 19. Nd1 Nb5 20. Ne3 Nb6 21. Nc4
Nxc4 22. Qxc4 Rab7 23. Qc2 Bxb2 24. Qd3 Nxa3 25. Rxb2 Rxb2 26. Ra1 R2b3 27. Bc3
Qb7 28. Nd2 Rxc3 29. Qxc3 Nb5 30. Qe3 Nd4 31. Rc1 Qa6 32. e5 Qa2 33. exd6 Qxd5+
34. Qe4 Qxd6 35. Nf3 Nxf3 36. Qxf3 Rc8 37. Kg1 c4 38. Qc3 Qe6 39. Rc2 Qf6 40.
Qxf6 exf6 41. Kf1 Kf8 42. Ke2 Ke7 43. Ke3 Ke6 44. Kd4 Kf5 45. f3 g5 46. h3 h5
47. Kc3 Re8 48. Rf2 Rc8 49. Re2 Kg6 50. Re4 Ra8 51. Kd4 c3 52. Re2 f5 53. Rc2
Rc8 54. Rxc3 Rxc3 55. Kxc3 g4 56. fxg4 fxg4 57. hxg4 Kg5 58. gxh5 Kxh5 59. Kd4
Kg4 60. Ke5 1/2-1/2

[Event "DVM U16 2018"]
[Site "Aurich GER"]
[Date "2018.12.28"]
[Round "3"]
[White "Wolf, Philipp"]
[Black "Abele, Anais"]
[Result "1-0"]
[Termination "normal"]
[Board "8.2"]
[WhiteElo "1913"]
[BlackElo "1700"]
[WhiteTeam "SG Blau-Weiß Stadtilm"]
[BlackTeam "SC Aurich"]
[PlyCount "123"]
[WhiteFideId "12958948"]
[BlackFideId "16208927"]
[EventCountry "GER"]
[EventRounds "7"]
[EventType "team-swiss"]
[EventDate "2018.12.26"]

1. e4 c5 2. Nf3 d6 3. d4 cxd4 4. Nxd4 Nf6 5. Nc3 a6 6. Be2 e5 7. Nf3 Be7 8. Bg5
Nbd7 9. a4 h6 10. Bxf6 Nxf6 11. O-O Be6 12. Re1 Qb6 13. Qc1 O-O 14. Nd2 Qc7 15.
Nf1 d5 16. exd5 Nxd5 17. Nxd5 Bxd5 18. Ne3 Be6 19. Bf3 Bg5 20. Ra3 Rac8 21. Rc3
Qb8 22. Rxc8 Rxc8 23. Qd1 Rd8 24. Qe2 Qc7 25. Rd1 Rc8 26. Rd2 Qb6 27. b3 g6 28.
Nd5 Qc5 29. Ne3 b5 30. Bb7 Rb8 31. Bxa6 bxa4 32. bxa4 Qc3 33. Rd1 Rb2 34. Rc1
Bxe3 35. Qxe3 Qc7 36. c4 Rb4 37. Bb5 Qd6 38. c5 Qd4 39. Qxd4 exd4 40. c6 Kf8
41. Kf1 Ke7 42. c7 Bc8 43. Rc2 Rb3 44. Ke2 Rc3 45. Rxc3 dxc3 46. Kd3 Kd6 47.
Kxc3 Kxc7 48. Bc4 f6 49. Kd4 Kd6 50. Bd3 f5 51. f4 g5 52. g3 Ke6 53. Kc5  54. 
Kf6 55. a5 gxf4 56. gxf4 Kg6 57. a6 Bxa6 58. Bxa6 Kh5 59. Kd4 Kg4 60. Ke5 Kh3
61. Kxf5 h5 62. Kg5 h4 63. Bf1  1-0

[Event "DVM U16 2018"]
[Site "Aurich GER"]
[Date "2018.12.28"]
[Round "3"]
[White "Rapp, Lukas"]
[Black "Goldbeck, Kilian"]
[Result "1-0"]
[Termination "normal"]
[Board "8.4"]
[WhiteElo "1719"]
[BlackElo "1523"]
[WhiteTeam "SG Blau-Weiß Stadtilm"]
[BlackTeam "SC Aurich"]
[PlyCount "115"]
[WhiteFideId "12989320"]
[BlackFideId "16255674"]
[EventCountry "GER"]
[EventRounds "7"]
[EventType "team-swiss"]
[EventDate "2018.12.26"]

1. e4 e6 2. d4 d5 3. Nd2 c5 4. c3 Nc6 5. Ngf3 cxd4 6. cxd4 Bb4 7. e5 Qb6 8. a3
Be7 9. Nb3 a5 10. Qd3 a4 11. Nbd2 Bd7 12. Be2 Nh6 13. Qb5 Qc7 14. Qd3 Nf5 15.
b4 Na7 16. Qb1 Bb5 17. Bxb5 Nxb5 18. Qd3 Rc8 19. Qxb5 Qc6 20. Qxc6 Rxc6 21. O-O
O-O 22. Rd1 f6 23. Nf1 fxe5 24. Nxe5 Rc2 25. Ne3 Re2 26. Nxf5 Rxf5 27. Be3 Bh4
28. Nf3 Be7 29. Rd2 Rxd2 30. Bxd2 Rf8 31. Rc1 Bd6 32. Re1 Re8 33. Ng5 e5 34.
dxe5 Rxe5 35. Rxe5 Bxe5 36. Bc1 h6 37. Ne6 Kf7 38. Nc5 b5 39. Kf1 Bd4 40. Ke2
Kf6 41. Nd3 Kf5 42. Bb2 Bxb2 43. Nxb2 Ke4 44. f3 Kd4 45. Kd2 g5 46. Nd1 Kc4 47.
Ne3 Kb3 48. Nxd5 Kxa3 49. Kc3 Ka2 50. Kc2 Ka3 51. g4 Ka2 52. f4 h5 53. fxg5
hxg4 54. g6 g3 55. hxg3 Ka1 56. g7 a3 57. g8Q Ka2 58. Nc3  1-0

[Event "DVM U16 2018"]
[Site "Aurich GER"]
[Date "2018.12.28"]
[Round "3"]
[White "Lieberwirth, Kasimir"]
[Black "Zyla, Lennert"]
[Result "1/2-1/2"]
[Termination "normal"]
[Board "9.1"]
[WhiteElo "2104"]
[BlackElo "1829"]
[WhiteTeam "SG Turm Leipzig"]
[BlackTeam "SG Porz"]
[PlyCount "152"]
[WhiteFideId "12988146"]
[BlackFideId "12981567"]
[EventCountry "GER"]
[EventRounds "7"]
[EventType "team-swiss"]
[EventDate "2018.12.26"]

1. e4 c5 2. Ne2 Nf6 3. Nbc3 Nc6 4. g3 e6 5. Bg2 g6 6. O-O Bg7 7. f4 d6 8. d3
O-O 9. h3 a6 10. g4 Nd7 11. f5 Nde5 12. fxe6 fxe6 13. Bf4 b5 14. Qd2 Ra7 15.
Bg5 Qe8 16. Rxf8 Qxf8 17. Rf1 Rf7 18. Rxf7 Nxf7 19. Bf4 Nfe5 20. g5 Nd7 21. Nd1
Nb6 22. c3 e5 23. Be3 Be6 24. b3 Qc8 25. Kh2 b4 26. cxb4 Nxb4 27. a3 Nc6 28. b4
Nd4 29. Nxd4 cxd4 30. Bf2 Qc6 31. Nb2 Qc3 32. Be1 Qc6 33. Bf3 Bf8 34. Kg3 Be7
35. h4 d5 36. Nd1 dxe4 37. Bxe4 Bd5 38. Nf2 Kg7 39. Qe2 Bxe4 40. Qxe4 Qxe4 41.
Nxe4 Nd5 42. Bd2 Kf7 43. Kf3 Ke6 44. Bc1 Kd7 45. Nd2 Nc3 46. Ne4 Nd5 47. Ke2
Kc6 48. Nf2 Nc3 49. Kd2 Kd5 50. Bb2 Na4 51. Bc1 Nc3 52. Bb2 Na4 53. Ba1 Nb6 54.
Ne4 Nc4 55. dxc4 Kxe4 56. Bb2 Bd8 57. a4 Bc7 58. Ke2 Bb6 59. b5 axb5 60. axb5
Bc5 61. Kd2 Bb4 62. Ke2 Bc5 63. Bc1 d3 64. Kd2 Bb4 65. Kd1 Kd4 66. Bd2 Bc5 67.
Ba5 Kxc4 68. b6 Kb5 69. b7 Bd6 70. Bc3 Kc4 71. Be1 e4 72. Bf2 Bb8 73. Kd2 Bf4
74. Be3 Bb8 75. Bg1 Bf4 76. Be3 Bb8 1/2-1/2

[Event "DVM U16 2018"]
[Site "Aurich GER"]
[Date "2018.12.28"]
[Round "3"]
[White "Gallasch, Robin"]
[Black "Weimert, Miriam"]
[Result "1-0"]
[Termination "normal"]
[Board "9.2"]
[WhiteElo "1902"]
[BlackElo "1792"]
[WhiteTeam "SG Porz"]
[BlackTeam "SG Turm Leipzig"]
[PlyCount "43"]
[WhiteFideId "16222423"]
[BlackFideId "12966703"]
[EventCountry "GER"]
[EventRounds "7"]
[EventType "team-swiss"]
[EventDate "2018.12.26"]

1. d4 Nf6 2. Nf3 g6 3. c4 d5 4. Nc3 Bg7 5. cxd5 Nxd5 6. e4 Nxc3 7. bxc3 c6 8.
Be3 O-O 9. Be2 Qc7 10. Qd2 Rd8 11. Bh6 Bh8 12. h4 e5 13. h5 exd4 14. hxg6 hxg6
15. cxd4 Nd7 16. Bc4 Nb6 17. Bb3 Bg4 18. Qg5 Be6 19. Bxe6 fxe6 20. Qxg6+ Bg7
21. Ng5 Rd7 22. Qxe6+ 1-0

[Event "DVM U16 2018"]
[Site "Aurich GER"]
[Date "2018.12.28"]
[Round "3"]
[White "Ortlepp, Klaudia"]
[Black "Sewald, Richard"]
[Result "0-1"]
[Termination "normal"]
[Board "9.3"]
[WhiteElo "1520"]
[BlackElo "1687"]
[WhiteTeam "SG Turm Leipzig"]
[BlackTeam "SG Porz"]
[PlyCount "114"]
[WhiteFideId "16206045"]
[BlackFideId "12983586"]
[EventCountry "GER"]
[EventRounds "7"]
[EventType "team-swiss"]
[EventDate "2018.12.26"]

1. e4 c5 2. Nc3 a6 3. a4 Nc6 4. f4 e6 5. Bc4 d6 6. Nf3 Nf6 7. d3 Be7 8. O-O O-O
9. Qe1 d5 10. Bb3 dxe4 11. dxe4 e5 12. fxe5 Nxe5 13. Nxe5 Qd4 14. Be3 Qxe5 15.
Bf4 Qd4 16. Be3 Qe5 17. Bf4 Qd4 18. Be3 Qd8 19. Rd1 Qc7 20. Bf4 Qb6 21. a5 Qc6
22. Nd5 Nxd5 23. exd5 Qd7 24. c4 Bd6 25. Qg3 Rd8 26. Rde1 Bxf4 27. Qxf4 Rf8 28.
Re6 Qd8 29. Rb6 Qe7 30. Bd1 g6 31. Kf2 Bf5 32. Re1 Qd7 33. Qd6 Qxd6 34. Rxd6
Rad8 35. Rb6 Rd7 36. g4 Bd3 37. Ba4 R7d8 38. b3 f5 39. Ke3 Be4 40. Rxb7 Bxd5
41. cxd5 Rxd5 42. Bc6 Re5 43. Kd2 Rd8 44. Rd7 Rxd7 45. Bxd7 Rd5 46. Ke3 Rxd7
47. gxf5 Re7 48. Kf2 Rxe1 49. Kxe1 gxf5 50. Ke2 Kf7 51. Ke3 Ke6 52. Kf4 Kf6 53.
h3 h6 54. Kf3 Ke5 55. Ke3 f4 56. Kf3 Kd4 57. Kxf4 Kc3 0-1

[Event "DVM U16 2018"]
[Site "Aurich GER"]
[Date "2018.12.28"]
[Round "3"]
[White "Sporer, Benedikt"]
[Black "Lieberwirth, Nele"]
[Result "0-1"]
[Termination "normal"]
[Board "9.4"]
[WhiteElo "1306"]
[BlackElo "1328"]
[WhiteTeam "SG Porz"]
[BlackTeam "SG Turm Leipzig"]
[PlyCount "94"]
[WhiteFideId "16274849"]
[BlackFideId "16259483"]
[EventCountry "GER"]
[EventRounds "7"]
[EventType "team-swiss"]
[EventDate "2018.12.26"]

1. e4 e5 2. Nf3 Nc6 3. Bc4 Nf6 4. d3 Bc5 5. Bg5 h6 6. Bh4 g5 7. Bg3 d6 8. c3
Bg4 9. Nbd2 a5 10. Qb3 Qd7 11. Bb5 Be6 12. Qc2 g4 13. Ng1 O-O-O 14. Ne2 Qe7 15.
Nb3 Na7 16. Nxc5 Nxb5 17. Nxe6 Qxe6 18. Qa4 Na7 19. Qxa5 Nc6 20. Qa8 Kd7 21.
Qa4 Ra8 22. Qc4 Qxc4 23. dxc4 Nxe4 24. Bh4 Ra4 25. O-O f5 26. Ng3 Nxg3 27. Bxg3
h5 28. Bh4 Rxc4 29. Rad1 Rg8 30. g3 f4 31. f3 fxg3 32. hxg3 gxf3 33. Kf2 e4 34.
Ke3 Ne5 35. Rd4 Rxd4 36. Kxd4 Rg4 37. b3 Ng6 38. Re1 Nxh4 39. gxh4 Rxh4 40. Ke3
Rg4 41. Rh1 h4 42. Kf2 Ke6 43. a4 Kd5 44. Ke3 Ke5 45. Rf1 h3 46. Rh1 Rh4 47.
Kf2 d5 0-1

[Event "DVM U16 2018"]
[Site "Aurich GER"]
[Date "2018.12.28"]
[Round "3"]
[White "Waffenschmidt, Lars"]
[Black "Meier, Marlon"]
[Result "1-0"]
[Termination "normal"]
[Board "10.1"]
[WhiteElo "1903"]
[BlackElo "1935"]
[WhiteTeam "SK Bebenhausen"]
[BlackTeam "SK Gernsbach"]
[PlyCount "51"]
[WhiteFideId "16244656"]
[BlackFideId "16238788"]
[EventCountry "GER"]
[EventRounds "7"]
[EventType "team-swiss"]
[EventDate "2018.12.26"]

1. e4 e5 2. Nf3 Nc6 3. Bc4 Nf6 4. Ng5 d5 5. exd5 Na5 6. Bb5 c6 7. dxc6 bxc6 8.
Bd3 Nd5 9. Nf3 Bd6 10. O-O O-O 11. Re1 Re8 12. Nc3 Nf4 13. Bf1 f5 14. d3 Ng6
15. g3 h6 16. Bg2 Be6 17. a3 Qf6 18. Qe2 Re7 19. Nd2 Rc8 20. Nde4 fxe4 21. Nxe4
Qf8 22. Nxd6 Rd8 23. Ne4 Nb7 24. Be3 Nd6 25. Nxd6 Rxd6 26. Bc5  1-0

[Event "DVM U16 2018"]
[Site "Aurich GER"]
[Date "2018.12.28"]
[Round "3"]
[White "Brüstle, William"]
[Black "Freiherr von Hauff, Christopher"]
[Result "0-1"]
[Termination "normal"]
[Board "10.2"]
[WhiteElo "1416"]
[BlackElo "1802"]
[WhiteTeam "SK Gernsbach"]
[BlackTeam "SK Bebenhausen"]
[PlyCount "64"]
[WhiteFideId "16260236"]
[BlackFideId "16200691"]
[EventCountry "GER"]
[EventRounds "7"]
[EventType "team-swiss"]
[EventDate "2018.12.26"]

1. e4 Nc6 2. Nc3 e5 3. Bc4 Nf6 4. d3 Be7 5. Nge2 d6 6. O-O O-O 7. Bg5 h6 8.
Bxf6 Bxf6 9. f4 Bg4 10. f5 Bg5 11. h3 Be3 12. Kh1 Nd4 13. Qe1 Bxe2 14. Nxe2
Nxc2 15. Qg3 Nxa1 16. f6 Bg5 17. fxg7 Kxg7 18. h4 Nc2 19. Rf5 f6 20. hxg5 fxg5
21. Qf3 Rxf5 22. exf5 Nd4 23. Qh5 Qf6 24. Ng3 Nxf5 25. Ne4 Qg6 26. Qh3 Rf8 27.
g4 Nd4 28. Qg2 Rf4 29. Nc3 c6 30. a3 Qf6 31. Ne4 Rf1 32. Kh2 Qf4 0-1

[Event "DVM U16 2018"]
[Site "Aurich GER"]
[Date "2018.12.28"]
[Round "3"]
[White "Giannakoglou, Alexandros"]
[Black "Ganjali, Aska"]
[Result "1/2-1/2"]
[Termination "normal"]
[Board "10.3"]
[WhiteElo "1376"]
[BlackElo "1290"]
[WhiteTeam "SK Bebenhausen"]
[BlackTeam "SK Gernsbach"]
[PlyCount "68"]
[WhiteFideId "4288580"]
[BlackFideId "16260201"]
[EventCountry "GER"]
[EventRounds "7"]
[EventType "team-swiss"]
[EventDate "2018.12.26"]

1. e4 e5 2. Nf3 Nc6 3. Bb5 Bc5 4. d3 a6 5. Ba4 Nf6 6. c3 b5 7. Bb3 d6 8. h3 Be6
9. O-O O-O 10. Re1 Bb6 11. d4 Bxb3 12. axb3 exd4 13. cxd4 Re8 14. Bg5 h6 15.
Bxf6 Qxf6 16. d5 Ne5 17. Nc3 b4 18. Na4 Nxf3 19. Qxf3 Qxf3 20. gxf3 Ba7 21.
Rac1 Re7 22. Rc4 a5 23. Kg2 g6 24. Rc2 Kg7 25. f4 f6 26. Rce2 Rae8 27. f3 Kf7
28. h4 h5 29. Kf1 Rg8 30. Rg2 Rd7 31. Ke2 Re8 32. Kd3 f5 33. Rc2 fxe4 34. fxe4
Ra8 1/2-1/2

[Event "DVM U16 2018"]
[Site "Aurich GER"]
[Date "2018.12.28"]
[Round "3"]
[White "Armbruster, Franz"]
[Black "Ruby, Noah Leonard"]
[Result "1-0"]
[Termination "normal"]
[Board "10.4"]
[WhiteElo "1131"]
[BlackElo "1097"]
[WhiteTeam "SK Gernsbach"]
[BlackTeam "SK Bebenhausen"]
[PlyCount "91"]
[WhiteFideId "16267354"]
[BlackFideId "16274857"]
[EventCountry "GER"]
[EventRounds "7"]
[EventType "team-swiss"]
[EventDate "2018.12.26"]

1. e4 c5 2. Nf3 Nc6 3. d4 cxd4 4. Nxd4 g6 5. Be3 Bg7 6. Nc3 Nf6 7. h3 d6 8. f4
Qb6 9. Bb5 O-O 10. Nf5 Qa5 11. Nxg7 Kxg7 12. Qd2 a6 13. Bd3 Rd8 14. f5 d5 15.
Bh6+ Kg8 16. exd5 Nxd5 17. Nxd5 Qxd2+ 18. Bxd2 Rxd5 19. fxg6 fxg6 20. Bc4 Be6
21. Bxd5 Bxd5 22. Rg1 Re8 23. O-O-O Bxa2 24. b3 Rc8 25. Kb2 Nd4 26. Kxa2 Rxc2+
27. Kb1 b5 28. Be3 Ne2 29. Kxc2 Nxg1 30. Bxg1 Kg7 31. g4 Kf6 32. Rd4 Ke5 33.
Kd3 h5 34. Bh2+ Ke6 35. Ke4 b4 36. g5 h4 37. Rd5 a5 38. Rxa5 Kd7 39. Kd5 e6+
40. Kc5 e5 41. Bxe5 Ke6 42. Bh2 Kd7 43. Ra7+ Kd8 44. Kd6 Kc8 45. Rh7 Kd8 46.
Rh8# 1-0